01318nam a22003012a 450000100060000000300080000600500170001400800410003103500190007204000320009104100080012308200280013109200160015910000460017524500790022126000640030030000290036449000650039350400300045865000470048865100260053570000310056183000750059294200120066799900170067995201610069695201590085775139BD-RjUL20211209082643.0500101s1962 pk ab b f000 0 eng u a(BD-RjUL)75357 aCWRdSYBdEQObengcBD-RjUL aeng 223a930.12054bPAS 1962 aD05042125611 aPaterson, T. T.q(Thomas Thomson)922734410aSoan :bthe palaeolithic of Pakistan /cby T.T. Paterson & H.J.H. Drummond a[Karachi] :bDept. of Archaeology, Govt. of Pakistan,c1962 a171 p. :bill. ;c25 cm.1 aMemoir of the Department of Archaeology in Pakistan ;vno. 2 aBibliographical footnotes 0aStone agezPakistanzSoān Valley9227345 0aSoān Valley92273461 aDrummond, H. J. H.9228159 0aMemoirs of the Department of Archaeology in Pakistan ;vno. 2.9228160 2ddccBK c75139d75139 00102ddc40718NFICaRUCLbRUCLcReadingd1969-09-16ekarachi pakistan book centreg15.00l0o930.12054 PAS 1962r2019-01-24 00:00:00tC-1w2021-12-09yBK 00102ddc40708NFICaRUCLbRUCLcStackd1969-09-16ekarachi pakistan book centreg15.00l0o930.12054 PAS 1962r2019-02-13 00:00:00tC-2w2019-02-13yBK